000 00465nam a2200157 4500
003 CO-ViMGA
020 _a9789589952078
040 _aCO-ViMGA
_bspa
_cCO-ViMGA
082 0 4 _aFr870
_bM64c
100 1 _aMojica García, Rafael
_96310
245 1 0 _aCantare en tus funerales /
_cRafael Mojica García
260 _aVillavicencio. META. Colombia :
_bUniversidad del META
_c2013.
300 _a344 p. :
_bIl. dibujos ; 20 cm.
650 1 4 _aLiteratura
_9351
942 _2ddc
_cBK
999 _c37501
_d37501